The bully free classroom : (Record no. 2776)
[ view plain ]
| 000 -LEADER | |
|---|---|
| fixed length control field | 00927nam a22002177a 4500 |
| 003 - CONTROL NUMBER IDENTIFIER | |
| control field | OSt |
| 005 - DATE AND TIME OF LATEST TRANSACTION | |
| control field | 20140310181741.0 |
| 008 - FIXED-LENGTH DATA ELEMENTS--GENERAL INFORMATION | |
| fixed length control field | 130323t xxu||||| |||| 00| 0 eng d |
| 020 ## - INTERNATIONAL STANDARD BOOK NUMBER | |
| International Standard Book Number | 9781575421940 |
| 050 ## - LIBRARY OF CONGRESS CALL NUMBER | |
| Classification number | LB 3013.3 |
| Item number | .B43 2005 |
| 082 ## - DEWEY DECIMAL CLASSIFICATION NUMBER | |
| Classification number | TR 371.1024 |
| Item number | B37 2005 |
| 245 ## - TITLE STATEMENT | |
| Title | The bully free classroom : |
| Remainder of title | over 100 tips and strategies for teachers K-8/ |
| Statement of responsibility, etc | Allan L. Beane. |
| 260 ## - PUBLICATION, DISTRIBUTION, ETC. (IMPRINT) | |
| Place of publication, distribution, etc | Minneapolis, MN : |
| Name of publisher, distributor, etc | Free Spirit, |
| Date of publication, distribution, etc | c2005. |
| 300 ## - PHYSICAL DESCRIPTION | |
| Extent | 166 p. : |
| Other physical details | ill. ; |
| Dimensions | 28 cm. |
| 500 ## - GENERAL NOTE | |
| General note | Includes bibliographical references and index |
| 520 ## - SUMMARY, ETC. | |
| Summary, etc | 1. School violence--United States--Prevention--Handbooks, manuals, etc. 2. Bullying--United States--Prevention--Handbooks, manuals, etc. 3. Classroom management--United States--Handbooks, manuals, etc. 4. Activitiy programs in education--United States--Handbooks, manuals, etc. |
| 521 ## - TARGET AUDIENCE NOTE | |
| Target audience note | |
| 541 ## - IMMEDIATE SOURCE OF ACQUISITION NOTE | |
| -- | 1 |
| 562 ## - COPY AND VERSION IDENTIFICATION NOTE | |
| Number of copies | 1 |
| 942 ## - ADDED ENTRY ELEMENTS (KOHA) | |
| Source of classification or shelving scheme | Library of Congress Classification |
| Koha item type | |
| Call number prefix | |
| Withdrawn status | Lost status | Source of classification or shelving scheme | Damaged status | Home library | Current library | Shelving location | Date acquired | Total Checkouts | Full call number | Barcode | Date last seen | Copy number | Price effective from | Koha item type |
|---|---|---|---|---|---|---|---|---|---|---|---|---|---|---|
| Library of Congress Classification | Luxembourg Library | Luxembourg Library | Teachers Reference Section | 03/23/2013 | LB 3013.3 .B43 2005 | 14791 | 08/13/2013 | 1 | 10/03/2013 | Books |